000 004350000a22001690004500
003 LK-CoMWRAF
005 20240201221722.0
008 230817t ||||| |||| 00| 0 eng d
040 _aLK-CoMWRAF
_dLK-CoMWRAF
_eLK-CoMWRAF
041 _aeng
082 _a060
_bPUB
245 _aPublic investment 1986-1990
260 _aColombo :
_bMinistry of Finance and planning,
_c1986
300 _a231 p.
650 _aStatistics
942 _cBK
999 _c2680
_d2680